ARRUPE JESUIT UNIVERSITY

CORONAVIRUS -STOP THE SPREAD - CLEAN,DISINFECT,COVER

Women's spirituality : (Record no. 119844)

MARC details
000 -LEADER
fixed length control field 00821cam a2200253 a 4500
001 - CONTROL NUMBER
control field 1916796
003 - CONTROL NUMBER IDENTIFIER
control field ARRUPE
005 - DATE AND TIME OF LATEST TRANSACTION
control field 20140131140225.0
008 - FIXED-LENGTH DATA ELEMENTS--GENERAL INFORMATION
fixed length control field 850917s1986 nyua b 000 0 eng
010 ## - LIBRARY OF CONGRESS CONTROL NUMBER
LC control number 85062869
020 ## - INTERNATIONAL STANDARD BOOK NUMBER
International Standard Book Number 0809127520 (pbk.) :
Terms of availability $11.95
040 ## - CATALOGING SOURCE
Original cataloging agency DLC
Transcribing agency DLC
Modifying agency DLC
050 00 - LIBRARY OF CONGRESS CALL NUMBER
Classification number BV4527
Item number .W595 1986
082 00 - DEWEY DECIMAL CLASSIFICATION NUMBER
Classification number 248/.088042
Edition number 19
300 ## - PHYSICAL DESCRIPTION
Other physical details ill. ;
Dimensions 23 cm.
245 00 - TITLE STATEMENT
Title Women's spirituality :
Remainder of title resources for Christian development /
Statement of responsibility, etc edited by Joann Wolski Conn.
260 ## - PUBLICATION, DISTRIBUTION, ETC. (IMPRINT)
Place of publication, distribution, etc New York :
Name of publisher, distributor, etc Paulist Press,
Date of publication, distribution, etc c1986.
300 ## - PHYSICAL DESCRIPTION
Extent viii, 327 p. :
504 ## - BIBLIOGRAPHY, ETC. NOTE
Bibliography, etc Includes bibliographies.
650 #0 - SUBJECT ADDED ENTRY--TOPICAL TERM
Topical term or geographic name as entry element Christian women
General subdivision Religious life.
9 (RLIN) 7581
650 #0 - SUBJECT ADDED ENTRY--TOPICAL TERM
Topical term or geographic name as entry element Women
General subdivision Psychology.
9 (RLIN) 7582
700 1# - ADDED ENTRY--PERSONAL NAME
Personal name Conn, Joann Wolski.
9 (RLIN) 7583
906 ## - LOCAL DATA ELEMENT F, LDF (RLIN)
a 7
b cbc
c orignew
d 3
e opcn
f 19
g y-gencatlg
942 ## - ADDED ENTRY ELEMENTS (KOHA)
Source of classification or shelving scheme Library of Congress Classification
Koha item type Monograph ( Printed materials)
Holdings
Withdrawn status Lost status Source of classification or shelving scheme Damaged status Not for loan Collection code Home library Current library Shelving location Date acquired Total Checkouts Full call number Barcode Date last seen Price effective from Koha item type
    Library of Congress Classification     Main Collection ARRUPE LIBRARY ARRUPE LIBRARY Main Collection 31/01/2014   BV4527 .W595 1986 46412037 24/01/2017 31/01/2014 Monograph ( Printed materials)

 

Arrupe Library. PO Box MP320 Mt Pleasant, Harare, Zimbabwe
263 242 745411|librarian@aju.ac.zw